Sports Quiz

Random Sports or Auto Racing Quiz

2010s NASCAR Moments: Phoenix (Spring) Quiz Stats

 Plays Quiz not verified by Sporcle

Support Sporcle.
Go Orange.
Score 0/10 Timer 10:00
0 Plays Today
% Correct
2019
97.9%
2012
95.8%
2013
95.8%
2015
95.8%
2011
93.8%
2014
93.8%
2016
93.8%
2017
93.8%
2018
93.8%
2010
89.6%

You're not logged in!

Compare scores with friends on all Sporcle quizzes.
OR
Log In

From the Vault

20th Century History: May

by HCTristesse

Just to be clear, the month of May existed in other centuries as well.
Remove Ads.
Support Sporcle.
Get the best of Sporcle when you Go Orange. This ad-free experience offers more features, more stats, and more fun while also helping to support Sporcle. Thank you for becoming a member.

Show Comments

Extras

Created Jul 8, 2019ReportNominate
Tags:Auto Racing Quiz, NASCAR

Top Quizzes Today


Score Distribution

Your Account Isn't Verified!

In order to create a playlist on Sporcle, you need to verify the email address you used during registration. Go to your Sporcle Settings to finish the process.

Report this User

Report this user for behavior that violates our Community Guidelines.

Details: